000 00329 a2200109 4500
001 ART_31221
005 20260410161706.0
008 260409a
245 1 0 _aCaducidad de los quebrantos en el impuesto a las ganancias
100 1 _aOklander, Juan
773 0 _tRevista Impuestos
_g- NÂș 19 (oct. 2007)
_wREV639
999 _c15652
_d15652